[Event "Finland Team Ch"]
[Site "Järvenpää FIN"]
[Date "2014.09.27"]
[Round "1"]
[White "Heikkinen, Jyrki"]
[Black "Asomäki, Pekka"]
[Result "0-1"]
[Section "II Division:2"]
[Board "1"]
[WhiteTeam "Lauttasaaren Shakkikerho"]
[BlackTeam "Järvenpään Shakkikerho"]
[WhiteElo "2051"]
[BlackElo "2123"]

1.d4 Nf6 2.Nc3 d5 3.e4 dxe4 4.f3 exf3 5.Nxf3 Bg4 6.h3 Bxf3 7.Qxf3 c6
8.Be3 e6 9.Bd3 Bd6 10.O-O Nbd7 11.g4 Qe7 12.g5 Nd5 13.Nxd5 cxd5 14.c4
dxc4 15.Bxc4 O-O 16.Rf2 Nb6 17.Bd3 Rad8 18.Raf1 Nd5 19.Bc1 Bc7 20.Bb1
Bb6 21.Kg2 g6 22.Rd1 Rc8 23.h4 Bxd4 24.Rxd4 Rxc1 25.Be4 Qc5 26.Rd3 Rc2
27.Bxd5 exd5 28.Rdd2 Rxd2 29.Rxd2 Rd8 30.Re2 Qd6 31.Qf6 Qxf6 32.gxf6
d4 33.Kf2 d3 34.Rd2 Kf8 35.Ke3 Ke8 36.b4 Rd6 37.a4 Kd7 38.b5 Ke6
39.Rxd3 Rxd3+ 40.Kxd3 Kxf6 41.Kd4 Ke6 0-1

[Event "Finland Team Ch"]
[Site "Järvenpää FIN"]
[Date "2014.09.27"]
[Round "1"]
[White "Krook, Pasi"]
[Black "Lindholm, Arto"]
[Result "1/2-1/2"]
[Section "II Division:2"]
[Board "2"]
[WhiteTeam "Järvenpään Shakkikerho"]
[BlackTeam "Lauttasaaren Shakkikerho"]
[WhiteElo "1928"]
[BlackElo "1993"]

1.e4 d6 2.d4 Nf6 3.Nc3 c6 4.Nf3 Bg4 5.Be3 e6 6.Be2 d5 7.h3 Bh5 8.e5
Nfd7 9.O-O Be7 10.Nh2 Bxe2 11.Nxe2 c5 12.c3 Nc6 13.Nf4 Qb6 14.Rb1 cxd4
15.cxd4 O-O 16.Qg4 Qd8 17.Nf3 Kh8 18.h4 Nb6 19.Nh3 Nc4 20.Bg5 h6 21.Qh5
Kh7 22.Bc1 f6 23.Nf4 Qd7 24.Qg6+ Kh8 25.Nh5 Bd8 26.Bxh6 gxh6 27.Qxh6+
Kg8 28.Qg6+ 1/2-1/2

[Event "Finland Team Ch"]
[Site "Järvenpää FIN"]
[Date "2014.09.27"]
[Round "1"]
[White "Vesely, Petr"]
[Black "Vuori, Sami"]
[Result "1/2-1/2"]
[Section "II Division:2"]
[Board "3"]
[WhiteTeam "Lauttasaaren Shakkikerho"]
[BlackTeam "Järvenpään Shakkikerho"]
[WhiteElo "1980"]
[BlackElo "1917"]

1.c4 Nf6 2.Nc3 e6 3.g3 d5 4.cxd5 exd5 5.d4 c6 6.Nf3 Bf5 7.Bg2 Nbd7
8.O-O Bd6 9.Bg5 h6 10.Bxf6 Nxf6 11.Qb3 Rb8 12.Rac1 O-O 13.Rfd1 Qe7
14.e3 Rfe8 15.Na4 Ne4 16.Nh4 Bh7 17.Nc3 Nxf2 18.Nxd5 cxd5 19.Kxf2 Qf6+
20.Kg1 Be4 21.Rf1 Qe6 22.Rce1 Rec8 23.Rf2 Rc7 24.Ref1 Re8 25.Nf5 Bxg2
26.Rxg2 Bf8 27.Rgf2 g6 28.Nh4 Bg7 29.Ng2 Rd7 30.Rc2 h5 31.Rc3 Bh6
32.Rd1 Qe4 33.Rdd3 g5 34.Qd1 g4 35.Qf1 Re6 36.Nf4 Bxf4 37.Qxf4 Qxf4
38.gxf4 Ree7 1/2-1/2

[Event "Finland Team Ch"]
[Site "Helsinki FIN"]
[Date "2014.09.27"]
[Round "1"]
[White "Kullberg, Ari"]
[Black "Heimonen, Arto"]
[Result "1-0"]
[Section "III Division:2"]
[Board "1"]
[WhiteTeam "Suomalainen Shakkikerho 2"]
[BlackTeam "Lauttasaaren Shakkikerho 3"]
[WhiteElo "2039"]
[BlackElo "1686"]

1.e4 c5 2.Nf3 g6 3.c3 Bg7 4.d4 b6 5.Bd3 Bb7 6.O-O e6 7.Re1 Ne7 8.Bg5
O-O 9.Na3 d6 10.Qe2 Nbc6 11.d5 Ne5 12.Nxe5 Bxe5 13.Nc4 Bg7 14.dxe6 fxe6
15.e5 d5 16.Nd6 Qc7 17.Qg4 Nf5 18.Bxf5 exf5 19.Qf4 Qc6 20.f3 Ba6 21.e6
Rae8 22.e7 Rf7 23.Nxe8 Qxe8 24.Qd6 Bf6 25.Bxf6 1-0

[Event "Finland Team Ch"]
[Site "Helsinki FIN"]
[Date "2014.09.27"]
[Round "1"]
[White "Henttonen, Tero"]
[Black "Tuovinen, Jukka"]
[Result "0-1"]
[Section "III Division:2"]
[Board "2"]
[WhiteTeam "Lauttasaaren Shakkikerho 3"]
[BlackTeam "Suomalainen Shakkikerho 2"]
[WhiteElo "1633"]
[BlackElo "2014"]

1.e4 e5 2.Nf3 Nc6 3.Nc3 Nf6 4.Bb5 Bb4 5.d3 d6 6.h3 O-O 7.Bd2 Ne7 8.a3
Bxc3 9.Bxc3 c6 10.Bc4 Ng6 11.g3 b6 12.Bb3 Be6 13.Bxe6 fxe6 14.Ng5 Qe7 15.
Qe2 h6 16.Nf3 Qf7 17.Nh2 a5 18.O-O Qa7 19.b4 a4 20.Bd2 Rf7 21.Be3 Qd7 22.
Ng4 Kh7 23.Rad1 Re8 24.Nxf6+ Rxf6 25.d4 exd4 26.Rxd4 e5 27.Rd3 Qxh3 28.
Rfd1 Nh4 29.f4 Qxg3+ 30.Kf1 exf4 31.Bf2 Qg2+ 32.Ke1 Rxe4 0-1

[Event "Finland Team Ch"]
[Site "Helsinki FIN"]
[Date "2014.09.27"]
[Round "1"]
[White "Nyrhinen, Harri"]
[Black "Anttonen, Lasse"]
[Result "1-0"]
[Section "III Division:2"]
[Board "3"]
[WhiteTeam "Suomalainen Shakkikerho 2"]
[BlackTeam "Lauttasaaren Shakkikerho 3"]
[WhiteElo "1923"]
[BlackElo "1525"]

1.e4 e6 2.d4 d5 3.e5 c5 4.c3 Nc6 5.Nf3 Be7 6.a3 cxd4 7.cxd4 f6 8.exf6
Bxf6 9.Nc3 Nge7 10.Be3 Nf5 11.b4 a6 12.Rc1 Qb6 13.Na4 Qa7 14.Nc5 b6 15.
Nxe6 Bxe6 16.Rxc6 Bd7 17.Rc3 O-O 18.Be2 Nxe3 19.Rxe3 b5 20.O-O Rad8 21.
Ne5 Qc7 22.Bf3 Be6 23.Nd3 Bf7 24.Nc5 Qb6 25.Rfe1 Kh8 26.Bg4 Qa7 27.Bf5
Bg8 28.Qd3 Bxd4 29.Qxd4 Rxf5 30.Re7 Rf7 31.Rxa7 Rxa7 32.h3 Rd6 33.Re8 Rf7
34.Qe5 Rdf6 35.Qb8 h6 36.Rxg8+ Kh7 37.Rh8+ Kg6 38.Qg3+ Kf5 39.Re8 g5 40.
Qd3+ Kf4 41.g3# 1-0

[Event "Finland Team Ch"]
[Site "Helsinki FIN"]
[Date "2014.09.27"]
[Round "1"]
[White "Kauppinen, Janne"]
[Black "Luosto, Kerkko"]
[Result "1/2-1/2"]
[Section "III Division:2"]
[Board "4"]
[WhiteTeam "Lauttasaaren Shakkikerho 3"]
[BlackTeam "Suomalainen Shakkikerho 2"]
[WhiteElo "1499"]
[BlackElo "1887"]

1.d4 d5 2.c4 c6 3.Nc3 Nf6 4.cxd5 cxd5 5.Nf3 Nc6 6.a3 Bf5 7.e3 e6 8.Bd3
Bg4 9.Be2 Be7 10.O-O O-O 11.h3 Bh5 12.Re1 Rc8 13.Bd2 Na5 14.b3 a6 15.Ne5
Bxe2 16.Rxe2 b5 17.Nd3 Nb7 18.f3 Qd6 19.b4 Qg3 20.Be1 Qg5 21.f4 Qf5 22.
Ne5 h5 23.Qd3 Qxd3 24.Nxd3 Nd6 25.a4 Nfe4 26.Nxe4 Nxe4 27.axb5 axb5 28.
Nc5 Ra8 29.Rea2 Rxa2 30.Rxa2 Rb8 31.Ra5 Bd8 32.Ra7 Bb6 33.Ra6 Bd8 34.Nd7
Rc8 35.Nc5 Rb8 36.Nd7 Rc8 37.Nc5 Rb8 38.Nd7 Rc8 39.Nc5 1/2-1/2

[Event "Finland Team Ch"]
[Site "Helsinki FIN"]
[Date "2014.09.27"]
[Round "1"]
[White "Kivinen, Jyrki"]
[Black "Paasonen, Pasi"]
[Result "1-0"]
[Section "III Division:2"]
[Board "5"]
[WhiteTeam "Suomalainen Shakkikerho 2"]
[BlackTeam "Lauttasaaren Shakkikerho 3"]
[WhiteElo "1880"]
[BlackElo "1168"]

1.e4 c5 2.Nf3 d6 3.d4 cxd4 4.Nxd4 Nf6 5.Nc3 a6 6.Bg5 e6 7.f4 Be7 8.Qf3
Nc6 9.Nxc6 bxc6 10.e5 dxe5 11.fxe5 Nd5 12.Bxe7 Qxe7 13.Ne4 O-O 14.O-O-O
Bb7 15.c4 Nb6 16.Nf6+ Kh8 17.Bd3 h6 18.Qe4 g6 19.Qe3 Kg7 20.Qxb6 c5 21.
Be4 Bxe4 22.Rd7 Qxd7 23.Nxd7 Rfd8 24.Rd1 Bxg2 25.Nxc5 Rf8 26.Rd7 Kg8 27.
Nxe6 Rae8 28.Nxf8 Rxf8 29.Qf6 Bh3 30.Rd8 1-0

[Event "Finland Team Ch"]
[Site "Helsinki FIN"]
[Date "2014.10.18"]
[Round "2"]
[White "Heikkinen, Jyrki"]
[Black "Patola, Eero"]
[Result "1-0"]
[Section "II Division:2"]
[Board "2"]
[WhiteTeam "Lauttasaaren Shakkikerho"]
[BlackTeam "Käpylän Shakkikerho 2"]
[WhiteElo "2043"]
[BlackElo "1857"]

1.d4 Nf6 2.f3 d5 3.e4 dxe4 4.Nc3 e3 5.Bxe3 Nd5 6.Nxd5 Qxd5 7.Qd2 Nc6
8.Ne2 e5 9.Nc3 Qd8 10.d5 Ne7 11.O-O-O a6 12.f4 exf4 13.Bxf4 Ng6 14.Bd3
Nxf4 15.Qxf4 Be7 16.h4 Qd6 17.Qf3 h5 18.Rhf1 Qh6+ 19.Kb1 O-O 20.Qe4 Bd6
21.Be2 Bd7 22.g4 Rae8 23.Qg2 hxg4 24.Bxg4 Bxg4 25.Qxg4 Re3 26.Ne4 Qg6
27.Qxg6 fxg6 28.Ng5 Rf5 29.Ne6 b5 30.b3 Ref3 31.Rg1 Rg3 32.Rxg3 Bxg3
33.Rg1 Bxh4 34.Rxg6 Bf6 35.c4 bxc4 36.bxc4 Kf7 37.Rg1 c6 38.Rd1 cxd5
39.cxd5 Rf2 40.a4 Rb2+ 41.Kc1 Ra2 42.Nc5 a5 43.Rd3 Ke8 44.d6 Kd8 45.d7
Be7?? 46.Ne6# 1-0

[Event "Finland Team Ch"]
[Site "Helsinki FIN"]
[Date "2014.10.18"]
[Round "2"]
[White "Lindqvist, Lasse"]
[Black "Vesely, Petr"]
[Result "0-1"]
[Section "II Division:2"]
[Board "5"]
[WhiteTeam "Käpylän Shakkikerho 2"]
[BlackTeam "Lauttasaaren Shakkikerho"]
[WhiteElo "1720"]
[BlackElo "1979"]

1.e4 d5 2.exd5 Nf6 3.Nc3 Nxd5 4.Bc4 c6 5.Qf3 e6 6.Bb3 Be7 7.d4 O-O 8.Nge2
Nd7 9.O-O N7f6 10.Ne4 Nxe4 11.Qxe4 Qd7 12.c3 b6 13.Re1 Bb7 14.Nf4 Rfe8
15.Nd3 Bd6 16.Bc2 g6 17.Qh4 Qd8 18.Bg5 Be7 19.Bxe7 Qxe7 20.Qg3 Rac8 21.Rad1
Qf6 22.h4 Kg7 23.Re5 Ba6 24.Re4 Bxd3 25.Rxd3 c5 26.Rf3 Qe7 27.h5 Qc7 28.Qg5
h6 29.Qd2 g5 30.dxc5 bxc5 31.c4 Nf6 32.Qc3 e5 33.Re1 Rcd8 34.Rf5 Rd4 35.Qf3
Re6 36.b3 Rh4 37.g3 Rd4 38.Bb1 Qd6 39.Be4 Re7 40.Bb1 Re6 41.Be4 Re7 42.Bb1
e4 43.Qe2 e3 44.Rf1 Rd2 45.Rxf6 Qxf6 46.Qg4 Rxf2 47.Bf5 Rxf1+ 48.Kxf1 e2+
49.Ke1 Qc3+ 0-1

[Event "Finland Team Ch"]
[Site "Helsinki FIN"]
[Date "2014.10.18"]
[Round "2"]
[White "Kumar, Ashwin"]
[Black "Manns, Harri"]
[Result "1-0"]
[Section "III Division:3"]
[Board "4"]
[WhiteTeam "Lauttasaaren Shakkikerho 2"]
[BlackTeam "Vihdin Shakkikerho"]
[WhiteElo "1915"]
[BlackElo "1570"]

1.d4 d5 2.c4 dxc4 3.e3 e5 4.Nf3 exd4 5.Qxd4 Qxd4 6.Nxd4 Bb4+ 7.Bd2 Bxd2+
8.Nxd2 c5 9.Nb5 Kd8 10.Bxc4 Nh6 11.Rd1 a6 12.Ne4+ Ke7?! (12...Nd7) 13.Nc7
Ra7 14.Nd5+ Kd7 15.Nxc5+ Kc6 16.Nb3 a5? (16...b5) 17.Nc3 b6?! (17...Nf5)
18.Bd5+?! (18.Nd4+) Kd7 19.Nb5 Ra6 20.Bb7+ Ke7 21.Bxa6 Bxa6 22.Nc7 Bc4
23.Nd5+ Bxd5 24.Rxd5 Rc8 25.Rd2 a4 26.Nd4 Rc1+ 27.Rd1 Rxd1+?! (27...Rc5)
28.Kxd1 Ng4 29.Ke2 g6 30.Rc1 Nxh2? (30...Nd7) 31.f3 h5 32.Kf2 Nd7 33.Kg3
Nxf3 34.gxf3 Kd6 35.Nb5+ Ke5 36.Rc6 f6? 37.Rd6 1-0

[Event "Finland Team Ch"]
[Site "Vantaa FIN"]
[Date "2014.10.18"]
[Round "2"]
[White "Paasonen, Pasi"]
[Black "Laitinen, Pauli"]
[Result "0-1"]
[Section "III Division:2"]
[Board "5"]
[WhiteTeam "Lauttasaaren Shakkikerho 3"]
[BlackTeam "Hm-93"]
[WhiteElo "1179"]
[BlackElo "1632"]

1.e4 e5 2.Nf3 Nc6 3.Bb5 a6 4.Bxc6 dxc6 5.h3 Nf6 6.Nc3 Bd6 7.d3 h6 8.b3
b5 9.Bb2 Be6 10.O-O Nd7 11.Re1 O-O 12.Ne2 c5 13.c4 c6 14.Qc2 f5 15.Rad1
Qe7 16.Kf1 fxe4 17.dxe4 Bxh3 18.gxh3 Rxf3 19.Ng1 Rf6 20.Rd3 Raf8 21.Re2
Rd8 22.f3 Nf8 23.Red2 Ne6 24.Ke1 Nd4 25.Bxd4 cxd4 26.Kd1 Rg6 27.Rg2 Rxg2
28.Qxg2 bxc4 29.bxc4 Qe6 30.Qc2 Qg6 31.Qf2 Rb8 32.Rb3 Rc8 33.Rd3 a5 34.a4
Rb8 35.Kc2 Qe6 36.Kd1 Qxc4 37.Qc2 Qxc2+ 38.Kxc2 Rb4 39.Ra3 Rc4+ 40.Kb3
Rc3+ 0-1

[Event "Finland Team Ch"]
[Site "Helsinki FIN"]
[Date "2014.11.15"]
[Round "3"]
[White "Heikkinen, Jyrki"]
[Black "Ihaksi, Arto"]
[Result "1-0"]
[Section "II Division:2"]
[Board "2"]
[WhiteTeam "Lauttasaaren Shakkikerho"]
[BlackTeam "Kymen Shakki 2"]
[WhiteElo "2050"]
[BlackElo "1861"]

1.d4 Nf6 2.Nc3 d5 3.e4 Nxe4 4.Nxe4 dxe4 5.Bc4 g6 6.c3 Bg7 7.Qe2 O-O 8.Qxe4 c5
9.dxc5 Nc6 10.Bd2? (10.Nf3) Bf5 11.Qe3 Ne5 12.Be2 Bd3 13.Nf3 Bxe2 14.Nxe5 Ba6
15.f4 (15.b3) Qd5 16.Kf2 f6 17.Nf3 e5 18.fxe5? fxe5 19.c4 Bxc4 20.Bc3 e4
21.Rhd1 Qe6 (21...Bd3) 22.Bxg7 Kxg7 23.Rd6 Qe5 24.Rd4 Rxf3+ 25.gxf3 Qxh2+
26.Ke1 Qh1+ 27.Kd2 Qxa1 28.Qc3 Kh6 29.Rxc4 Qxa2 30.Rxe4 Qd5+ 31.Ke2 Qg5 32.Qd4
Qg2+ 33.Ke1 Qg3+ 34.Ke2 Qg2+ 35.Ke1 Qg3+ 36.Kd2 g5?? 37.Qf6+ Kh5 38.Qf7+ 1-0

[Event "Finland Team Ch"]
[Site "Helsinki FIN"]
[Date "2014.11.15"]
[Round "3"]
[White "Engelberg, Jan"]
[Black "Vesely, Petr"]
[Result "0-1"]
[Section "II Division:2"]
[Board "5"]
[WhiteTeam "Kymen Shakki 2"]
[BlackTeam "Lauttasaaren Shakkikerho"]
[WhiteElo "1813"]
[BlackElo "1984"]

1.e4 d5 2.exd5 Nf6 3.d4 Nxd5 4.Nf3 c6 5.Be2 Bg4 6.O-O e6 7.c4 Nb6 8.b3 Be7
9.Bb2 O-O 10.Nc3 N8d7 11.Ne4 Nf6 12.Ng3 Bxf3 13.Bxf3 Qd7 14.Qe2 Rad8 15.Rfd1
Qc7 16.a4 Rd7 17.Qe5 Na8 18.Qe1 Qb6 19.Rd3 Rfd8 20.Rad1 Nc7 21.Qe5 Na6 22.Bc1
Qc7 23.Qe2 Nb4 24.R3d2 Bd6 25.Ba3 a5 26.Nf1 Na6 27.Bxd6 Rxd6 28.Qe5 R6d7
29.Qxc7 Nxc7 30.Ne3 e5 31.c5 Ne6 32.d5 cxd5 33.Nxd5 Nxd5 34.Rxd5 Rxd5 35.Bxd5
Kf8 36.Kf1 Nxc5 37.Ke2 b6 38.Bc4 Rxd1 39.Kxd1 Ke7 40.Kd2 Ne4+ 41.Ke3 Nd6
42.Ba6 Ke6 43.Kd3 Kd5 44.Ke3 Kc5 45.Kd3 Kb4 46.Kc2 f6 47.Be2 Ne4 48.Bd3 Nc5
0-1

[Event "Finland Team Ch"]
[Site "Espoo FIN"]
[Date "2014.11.15"]
[Round "3"]
[White "Siikonen, Timo"]
[Black "Muhonen, Esko"]
[Result "1-0"]
[Section "III Division:3"]
[Board "3"]
[WhiteTeam "Lauttasaaren Shakkikerho 2"]
[BlackTeam "Matinkylän Shakkikerho 4"]
[WhiteElo "1767"]
[BlackElo "1768"]

1.e4 e5 2.Nf3 Nc6 3.d4 exd4 4.Bc4 d6 5.Nxd4 g6 6.Nc3 Bg7 7.Nxc6 bxc6 8.Qf3 Qf6
9.Qg3 Be6 10.Bg5 Qd4 11.Bxe6 fxe6 12.O-O Qc5 13.Qg4 Kd7 14.Qg3 Rb8 15.Rab1 Ne7
16.Be3 Qa5 17.Bd2 Rbf8 18.Qd3 Rf7 19.f4 Rhf8 20.e5 Nd5 21.exd6 cxd6 22.Ne4 Qc7
23.Rbe1 Qb6+ 24.Kh1 Qd4 25.Qg3 e5 26.c3 Qb6 27.Qg4+ Kc7 28.Qe6 exf4 29.Qxd6+
Kc8 30.Nc5 Qc7 31.Qe6+ Kd8 32.Qh3 Qd6 33.Ne6+ Ke7 34.Nxf8+ 1-0

[Event "Finland Team Ch"]
[Site "Espoo FIN"]
[Date "2014.11.15"]
[Round "3"]
[White "Heikkinen, Jyrki"]
[Black "Ashwin Kumar"]
[Result "0-1"]
[Section "III Division:3"]
[Board "4"]
[WhiteTeam "Matinkylän Shakkikerho 4"]
[BlackTeam "Lauttasaaren Shakkikerho 2"]
[WhiteElo "1663"]
[BlackElo "1843"]

1.e4 c5 2.Nf3 d6 3.Bb5+ Bd7 4.Bxd7+ Qxd7 5.O-O Nf6 6.Re1 Nc6 7.d4 cxd4 8.Nxd4
g6 9.Nxc6 Qxc6 10.Qe2 Bg7 11.c3 O-O 12.Nd2 a5 13.Nf3 e5 14.Bg5 h6 15.Bxf6 Bxf6
16.Rad1 Kh7 17.Rd5 Be7 18.Qb5 a4 19.Nd2 Kg7 20.Nc4 Ra6 21.Red1 Rc8 22.Ne3 Rb6
23.Qxc6?! (23.Qe2) Rcxc6 24.Ra5?! (24.Rb1) Rxb2 25.Nd5 Rxa2?! (25...Bd8)
26.Nxe7 Rxc3 27.Nd5 Rd3 28.Rf1 Rb3 29.Ne3?! (29.h4) b5 30.Ra6 Rd2 31.Rd1??
(31.Ra1) Rxe3 0-1

[Event "Finland Team Ch"]
[Site "Helsinki FIN"]
[Date "2015.01.10"]
[Round "4"]
[White "Kauppala, Pekka"]
[Black "Taipale, Reijo"]
[Result "1-0"]
[Section "II Division:2"]
[Board "1"]
[WhiteTeam "Lauttasaaren Shakkikerho"]
[BlackTeam "Helsingin Shakkiklubi 5"]
[WhiteElo "2111"]
[BlackElo "1818"]

1.g3 d5 2.Bg2 e5 3.Nf3 Nc6 4.d4 exd4 5.Nxd4 Nxd4 6.Qxd4 Be6 7.Nc3 c6 8.Bf4
Qb6! 9.Qd3! Nf6 10.O-O-O Ng4?! 11.e4 Nxf2 12.Qe2 Nxd1 13.Rxd1 d4 14.Nd5 cxd5
15.exd5 Be7 16.dxe6 Qxe6 17.Qb5+ Kf8 18.Qxb7 Rd8 19.Bc7 Bg5+ 20.Kb1 Re8!
21.h4! Qe2?? (21...Bf6) 22.Bf3 Qxd1+ 23.Bxd1 1-0

[Event "Finland Team Ch"]
[Site "Helsinki FIN"]
[Date "2015.01.10"]
[Round "4"]
[White "Hall, Raimo"]
[Black "Heikkinen, Jyrki"]
[Result "1/2-1/2"]
[Section "II Division:2"]
[Board "2"]
[WhiteTeam "Helsingin Shakkiklubi 5"]
[BlackTeam "Lauttasaaren Shakkikerho"]
[WhiteElo "1834"]
[BlackElo "2055"]

1.d4 Nf6 2.Nf3 g6 3.Bf4 Bg7 4.e3 d6 5.h3 O-O 6.Be2 c5 7.c3 Nbd7 8.O-O b6
9.Nbd2 Bb7 10.Rc1 Qc7 11.b4 Qc6 12.b5 Qc8 13.Re1 Re8 14.Nc4 Qc7 15.Bh2 Bh6
16.Bd3 Ne4 17.Nfd2 Nef6 18.f4 Rac8 19.Rf1 Ba8 20.Qe2 Nf8 21.e4 d5 22.exd5 Nxd5
23.Ne5 cxd4 24.cxd4? (24.c4) Qxc1 25.Rxc1 Rxc1+ 26.Kf2 Nxf4 (26...Bxf4)
27.Bxf4 Bxf4 28.Ndf3 Rec8 29.Ng4 Ne6 30.Qb2? h5 31.Nge5 R8c3 32.Qe2? Bd5
(32...h4 {-+}) 33.g3 Bxe5 34.Nxe5 Rh1 35.Ke3 Rcc1 36.Qf2 f6? (36...Ng5 {-+})
37.Nxg6 Kf7?? 38.Ne5+?? (38.Qf5 {+-}) Ke8 39.Nf3 Ra1 40.Qc2 Rxa2 41.Qc8+ Kf7
42.Qh8? (42.Bg6+! {=}) Bxf3 43.Kxf3 Ng5+ 44.Kf4 Nxh3+ 45.Ke4 e6? 46.Qh7+ Kf8
47.Qh8+ Ke7 48.Qg7+ Kd6 49.Qf8+ Kd7 50.Qf7+ Kd6 51.Qf8+ 1/2-1/2

[Event "Finland Team Ch"]
[Site "Helsinki FIN"]
[Date "2015.01.10"]
[Round "4"]
[White "Hänninen, Heikki"]
[Black "Vesely, Petr"]
[Result "0-1"]
[Section "II Division:2"]
[Board "4"]
[WhiteTeam "Helsingin Shakkiklubi 5"]
[BlackTeam "Lauttasaaren Shakkikerho"]
[WhiteElo "1629"]
[BlackElo "1991"]

1.e4 d5 2.exd5 Nf6 3.Nc3 Nxd5 4.d4 c6 5.Nf3 Bg4 6.h3 Bh5 7.g4 Nxc3 8.bxc3 Bg6
9.Ba3 Be4 10.Bd3 Qd5 11.Bxe4 Qxe4+ 12.Qe2 Qxe2+ 13.Kxe2 Nd7 14.Rab1 b6 15.Rhe1
e6 16.Bxf8 Rxf8 17.Kf1 O-O-O 18.Ne5 Nxe5 19.Rxe5 Kc7 20.f4 Rd6 21.Rbe1 Kd7
22.f5 Re8 23.Kf2 Rd5 24.fxe6+ Rxe6 25.Rxd5+ cxd5 26.Re3 Rxe3 27.Kxe3 b5 28.Kf4
Ke6 29.h4 h6 30.h5 Kf6 31.Kg3 Kg5 32.Kf3 g6 33.hxg6 fxg6 34.Kg3 h5 35.gxh5
gxh5 36.Kh3 Kf4 0-1

[Event "Finland Team Ch"]
[Site "Helsinki FIN"]
[Date "2015.01.10"]
[Round "4"]
[White "Surakka, Veikko"]
[Black "Turtiainen, Kimmo"]
[Result "1/2-1/2"]
[Section "III Division:2"]
[Board "1"]
[WhiteTeam "Leppävaaran Sisu 2"]
[BlackTeam "Lauttasaaren Shakkikerho 3"]
[WhiteElo "1583"]
[BlackElo "1801"]

1.e4 e5 2.Nf3 Nf6 3.d3 Nc6 4.c3 d6 5.h3 Be7 6.Be2 h6 7.O-O Be6 8.Re1 Qc8
9.Nbd2 O-O 10.Nf1 Nh7 11.Ng3 f5 12.exf5 Bxf5 13.Nxf5 Qxf5 14.Qb3+ Kh8 15.Qxb7
Qd7 16.Nh2 Nf6 17.Bf3 d5 18.b4 a6 19.Ng4 Rfb8 20.Nxf6 Bxf6 21.Bg4 Qd6 22.Qxa8
Rxa8 23.a4 e4 24.d4 Rf8 25.b5 Ne7 26.Ba3 Qd8 27.bxa6 Re8 28.Bc5 Nc6 29.Reb1
Be7 30.Bh5 Rf8 31.Bxe7 Qxe7 32.Rb7 e3 33.Bf3 Ra8 34.Bxd5 Rxa6 35.Bf3 Na5
36.Rb8+ Kh7 37.Be2 Rf6 38.f3 Rc6 39.Rb5 Nc4 40.a5 Nd6 41.Re5 Qd8 42.Rxe3 Nc4
43.Bd3+ Kg8 44.Bxc4+ Rxc4 45.a6 Qd7 46.Ra5 Ra4 47.Ree5 Qc6 48.a7 Rxa5 49.Rxa5
Qa8 50.d5 Kf7 51.c4 Ke7 52.c5 Kd7 53.c6+ Kd6 54.Kf2 Ke5 55.Ke3 g5 56.g3 Kd6
57.Ke4 Qe8+ 58.Kf5 Qf7+ 59.Kg4?? h5+? (59...Qg6! 60.f4 h5+ 61.Kf3 Qd3+ 62.Kf2
Qd2+ 63.Kf3 Qxa5 {-+}) 60.Kxg5 {rest of the moves unclear} 1/2-1/2

[Event "Finland Team Ch"]
[Site "Helsinki FIN"]
[Date "2015.01.10"]
[Round "4"]
[White "Heimonen, Arto"]
[Black "Jousimaa, Otso"]
[Result "1-0"]
[Section "III Division:2"]
[Board "2"]
[WhiteTeam "Lauttasaaren Shakkikerho 3"]
[BlackTeam "Leppävaaran Sisu 2"]
[WhiteElo "1657"]
[BlackElo "1370"]

1.e4 e5 2.Nf3 Nc6 3.Bb5 d6 4.d4 Bd7 5.O-O a6 6.Bxc6 Bxc6 7.Re1 exd4 8.Nxd4 Ne7
9.Nc3 g6 10.Bg5 Bg7 11.Nd5 Bxd5 12.exd5 Be5 13.Bxe7 Qxe7 14.f4 f6 15.fxe5 fxe5
16.Ne6 h5 17.Qd3 Rg8 18.Qb3 c6 19.dxc6 bxc6 20.Nc7+ Kd7 21.Nxa8 Rxa8 22.Qb7+
1-0

[Event "Finland Team Ch"]
[Site "Helsinki FIN"]
[Date "2015.01.10"]
[Round "4"]
[White "Outinen, Heikki"]
[Black "Anttonen, Lasse"]
[Result "0-1"]
[Section "III Division:2"]
[Board "3"]
[WhiteTeam "Leppävaaran Sisu 2"]
[BlackTeam "Lauttasaaren Shakkikerho 3"]
[WhiteElo "1177"]
[BlackElo "1486"]

1.d4 f5 2.e3 d5 3.Nc3 Nf6 4.f3 e6 5.b3 Be7 6.Nge2 O-O 7.Bb2 Nc6 8.Qd2 a6
9.O-O-O b5 10.Nf4 Bd7 11.h3 Bb4 12.g4 g6 13.g5 Ne8 14.h4 Ng7 15.Qg2 Bd6 16.h5
Bxf4 17.exf4 Nxh5 18.Rxh5 gxh5 19.Qh3 Be8 20.Ne2 Bg6 21.Ng3 Qe8 22.Ba3 b4
23.Bb2 Qf7 24.Ne2 Rfc8 25.Kb1 a5 26.Nc1 Rcb8 27.Nd3 a4 28.Ne5 Nxe5 29.fxe5
axb3 30.cxb3 Ra5 31.Rd2 c5 32.dxc5 Rxc5 33.Qh4 Qc7 34.Qd4 Rc8 35.Rd1 Ra5 36.f4
Rca8 37.Rc1 Qa7 38.a4 bxa3 39.Bc3 a2+ 40.Ka1 Ra3 41.Bb4 Rxb3 42.Bd3 Rxb4
43.Qc3 Rb1+ 44.Bxb1 axb1=Q+ 0-1

[Event "Finland Team Ch"]
[Site "Helsinki FIN"]
[Date "2015.01.10"]
[Round "4"]
[White "Kauppinen, Janne"]
[Black "Tamminen, Risto"]
[Result "0-1"]
[Section "III Division:2"]
[Board "4"]
[WhiteTeam "Lauttasaaren Shakkikerho 3"]
[BlackTeam "Leppävaaran Sisu 2"]
[WhiteElo "1528"]
[BlackElo "1445"]

1.c4 Nc6 2.d4 d5 3.e3 e5 4.dxe5 Be6 5.cxd5 Bxd5 6.Nf3 Bxf3 7.Qxf3 Bb4+ 8.Nc3
Bxc3+ 9.bxc3 Nge7 10.e6 f6 11.Ba3 Qd5 12.Qxd5 Nxd5 13.c4 Ndb4 14.Bxb4 Nxb4
15.Kd2 b6 16.a3 Rd8+ 17.Kc3 Na6 18.g3 Nc5 19.f3 Nxe6 20.Be2 Nc5 21.a4 a5 22.h4
Rd6 23.Rhd1 Ke7 24.Rxd6 Kxd6 25.Bd3 Re8 26.e4 f5 27.exf5 Re3 28.Rd1 Rxf3 29.g4
Nxa4+ 30.Kc2 Ke5 31.Be2 Rf2 32.Rd2 Nc5 33.Kd1 a4 34.Ke1 Rh2 35.h5 Ne4 36.Rd7
Nc3 37.Bf3 Kf6 38.Rxc7 a3 39.Ra7 a2 40.Ra6 Rb2 41.c5 Rb1+ 42.Kd2 a1=Q 43.Rxa1
Rxa1 44.cxb6 Na4 45.b7 Rb1 46.Kc2 Rb6 47.Bd5 Nc5 48.Kc3 Nxb7 49.Kc4 Kg5 50.Bf3
Rb1 51.Kc3 Nd6 52.Kc2 Rg1 53.Kd2 Rxg4 54.Bxg4 Kxg4 55.h6 Nxf5 56.hxg7 Nxg7
57.Ke2 Kg3 58.Kf1 Nf5 59.Kg1 h5 60.Kh1 h4 61.Kg1 Kh3 62.Kh1 Kg3 63.Kg1 h3
64.Kh1 Nh4 65.Kg1 Ng2 66.Kh1 Ne1 67.Kg1 Kh4 68.Kh1 Kg3 69.Kg1 Nd3 70.Kh1 Nf2+
71.Kg1 h2+ 72.Kf1 h1=Q+ 0-1

[Event "Finland Team Ch"]
[Site "Helsinki FIN"]
[Date "2015.01.10"]
[Round "4"]
[White "Sormunen, Erkki"]
[Black "Paasonen, Pasi"]
[Result "1/2-1/2"]
[Section "III Division:2"]
[Board "5"]
[WhiteTeam "Leppävaaran Sisu 2"]
[BlackTeam "Lauttasaaren Shakkikerho 3"]
[WhiteElo "1461"]
[BlackElo "1215"]

1.e4 d6 2.d4 e5 3.dxe5 dxe5 4.Qxd8+ Kxd8 5.Nf3 f6 6.a3 b6 7.Nc3 Bb7 8.Bd3 Nc6
9.h3 g6 10.O-O Bg7 11.Be3 Nge7 12.Rad1 Ke8 13.Nh2 Rd8 14.f3 Rd7 15.Bb5 a6
16.Rxd7 Kxd7 17.Bxc6+ Bxc6 18.Rd1+ Kc8 19.Na2 Rd8 20.Rxd8+ Kxd8 21.Nb4 Bb7
22.c4 Nc6 23.Nxc6+ Bxc6 24.Nf1 Ba4 25.Nd2 Bf8 26.b3 Bc6 27.a4 Kc8 28.Nb1 Bb4
29.Bd2 Be7 30.Kf1 Bd7 31.Nc3 Kb7 32.Nd5 Bd8 33.Ke2 c6 34.Ne3 h5 35.g4 Be7
36.Nc2 a5 37.Ne3 Be6 38.Nd1 Bc5 39.Bc3 Be7 40.Nf2 Bd8 41.Nd3 Be7 42.Ne1 Bd8
1/2-1/2

[Event "Finland Team Ch"]
[Site "Espoo FIN"]
[Date "2015.02.07"]
[Round "5"]
[White "Auvinen, Esa"]
[Black "Heikkinen, Jyrki"]
[Result "1/2-1/2"]
[Section "II Division:2"]
[Board "2"]
[WhiteTeam "Espoon Shakkikerho"]
[BlackTeam "Lauttasaaren Shakkikerho"]
[WhiteElo "1881"]
[BlackElo "2050"]

1.e4 d5 2.exd5 Nf6 3.Bb5+ Bd7 4.Bxd7+ Qxd7 5.Nf3 Qxd5 6.O-O e6 7.d4 Nc6 8.c3
Be7 9.Qb3 O-O-O 10.Qxd5 Nxd5 11.Bg5 f6 12.Bh4 h5 13.Bg3 g5 14.h4 g4 15.Nfd2 e5
16.dxe5 Nxe5 17.Bxe5 fxe5 18.g3 Rhf8 19.Ne4 Nf6 20.Nbd2 Rd3 21.Rfe1 Rfd8
22.Re2 Nxe4 23.Nxe4 a5 24.a4 Rd1+ 25.Re1 Rxa1 26.Rxa1 Rd5 27.Kf1 Kd7 28.Ke2
1/2-1/2

[Event "Finland Team Ch"]
[Site "Espoo FIN"]
[Date "2015.02.07"]
[Round "5"]
[White "Nazarova, Anastasia"]
[Black "Vesely, Petr"]
[Result "1/2-1/2"]
[Section "II Division:2"]
[Board "4"]
[WhiteTeam "Espoon Shakkikerho"]
[BlackTeam "Lauttasaaren Shakkikerho"]
[WhiteElo "1953"]
[BlackElo "1994"]

1.e4 d5 2.exd5 Nf6 3.Bb5+ Bd7 4.Bc4 b5 5.Bb3 Bg4 6.f3 Bc8 7.Nc3 b4 8.Ne4 Nxd5
9.Ne2 e6 10.O-O Be7 11.d4 O-O 12.c4 bxc3 13.bxc3 Nd7 14.c4 N5b6 15.Bf4 Ba6
16.Rc1 Nf6 17.a4 Bb7 18.a5 Nc8 19.N4c3 c6 20.Ra1 a6 21.c5 Nd5 22.Nxd5 cxd5
23.Ba4 Na7 24.Rb1 Bc6 25.Rb6 Qd7 26.Bxc6 Nxc6 27.Qa4 Rfc8 28.Rfb1 Bd8 29.Rb7
Qe8 30.Bd2 Kf8 31.Qc2 Kg8 32.Qa2 Na7 33.R7b3 Bc7 34.f4 Qd8 35.Rh3 Rab8 36.Qc2
g6 37.Rf1 f5 38.Ra1 Nc6 39.Qd3 Rb5 40.Nc3 Rxa5 41.Rxa5 Bxa5 42.Qxa6 Nxd4
43.Nxd5 Bxd2 44.Qb7 Rc7 45.Qxc7 Qxc7 46.Nxc7 Bxf4 47.Na6 e5 48.Ra3 e4 49.Nb4
e3 50.Nd3 e2 51.g3 Be3+ 52.Kg2 Nc2 53.Ra8+ Kg7 54.Kf3 Bxc5 55.Kxe2 Bg1 56.h3
Nd4+ 57.Kf1 Be3 58.Kg2 Ne6 59.Kf3 Bd2 60.Ra7+ Kf6 61.Ra6 Ke7 62.Ke2 Bc3
63.Ra7+ Kf8 64.Rxh7 Bg7 65.Rh4 Nd4+ 66.Ke3 Nc2+ 67.Kf2 Nd4 68.Ke3 Nc2+ 69.Kd2
Nd4 70.Ke3 Nc2+ 1/2-1/2